Loading...
| Current Events | 1 | 30.00 | 100% | 100% | 100% |
| Fine Arts - Auditory Fine Arts | 5 | 10.00 | 80% | 20% | 0% |
| Fine Arts - Visual Fine Arts | 7 | 8.57 | 71% | 14% | 0% |
| History - American History | 7 | 17.14 | 100% | 57% | 14% |
| History - European History | 4 | 20.00 | 100% | 75% | 25% |
| History - Other History | 2 | 10.00 | 50% | 0% | 50% |
| History - World History | 4 | 12.50 | 100% | 25% | 0% |
| Literature - American Literature | 8 | 10.00 | 100% | 0% | 0% |
| Literature - British Literature | 4 | 10.00 | 100% | 0% | 0% |
| Literature - European Literature | 4 | 12.50 | 100% | 0% | 25% |
| Literature - World Literature | 4 | 12.50 | 100% | 25% | 0% |
| Mythology | 4 | 10.00 | 75% | 25% | 0% |
| Philosophy | 5 | 10.00 | 100% | 0% | 0% |
| Pop Culture | 2 | 10.00 | 100% | 0% | 0% |
| Religion | 3 | 20.00 | 100% | 67% | 33% |
| Science - Biology | 7 | 15.71 | 86% | 43% | 29% |
| Science - Chemistry | 4 | 12.50 | 100% | 25% | 0% |
| Science - Other Science | 5 | 16.00 | 100% | 60% | 0% |
| Science - Physics | 4 | 12.50 | 100% | 0% | 25% |
| Social Science | 7 | 11.43 | 86% | 29% | 0% |